| 000 | 00358nam a22001457a 4500 | ||
|---|---|---|---|
| 003 | OSt | ||
| 005 | 20251021082652.0 | ||
| 008 | 251021b |||||||| |||| 00| 0 eng d | ||
| 040 | _cUNICEF-ESARO | ||
| 050 | _aPZ 7 .M33 1998 | ||
| 245 |
_aSARA _bBINTI SIMBA _cUNICEF |
||
| 250 | _a1ST EDITION | ||
| 260 |
_aNAIROBI,KENYA _bUNICEF-ESARO _c1998 |
||
| 942 |
_2lcc _cBK _n0 |
||
| 999 |
_c9660 _d9660 |
||